000 01110nam a2200241Ia 4500
001 16286
003 GE_BSU
008 181216s||||||||xx |||||||||||||| ||und||
020 _a9789941935480
040 _cGE_BSU
080 _a347.22
100 _aმარიამიძე, გიორგი
245 _aკაზუსები და მათი ამოხსნის მეთოდები სანივთო სამართალში:
245 _bსახელმძღვ.კონსპექტი იურისტებისათვის სამართალში:წ.1:ნაწ.1.საკუთრების შეძენა და დაკარგვა უძრავ და მოძრავ ნივთებზე
260 _aთბილისი
260 _bიურისტების სამყარო
260 _c2014
300 _a325გვ;20სმ.
541 _h14ლ.
653 _aსამათალი. სანივთო სამართალი.
653 _aსამართალი
942 _cBK
999 _c49369
_d49369